000 00702nam a22001937a 4500
999 _c169354
_d169354
005 20191115152536.0
010 _aUR-10593
020 _c194.00
_a9789389002232
035 _aU-9148
037 _bDBAD/PUB
_a-
082 _a840.08
100 _aمسر ت جہا ں
245 _aعا بد سہيل کے ا فسا نو ں ميں عصر ی حسيت
_cمسر ت جہا ں
246 _bAbid Suahil ke Afsanon Mein Asri Hissiyat (Urdu)
_aby Dr. Musarrat Jahan
260 _aDelhi
_bEducational Publishing House
_c2019 ء
270 _a3191,Vakil Street, Kucha Pandit,Lal Kuan,
_bDelhi
_e110006
_k01123216162
_l-
300 _a320 ص
_c22 Cm(Hb)
942 _2ddc
_cUR
_h840.08
_mم س ر